000 00518nam a22001577a 4500
005 20251108170923.0
008 250721s1985 xx 000 0 ara d
082 1 4 _a615.8/ودي
100 1 _aجبر، وديع
245 1 0 _aالشفاء في النبات :
_bكل مرض و وصفات علاجه بالنباتات و مقاديرها الصحيحة /
264 1 _aبيروت :
_bدار لسان العرب،
_c1985.
300 _a292ص
650 1 7 _aالطب الشعبي
942 _2ddc
_cBK
999 _c52135
_d52135